00471cam a2200193ua 4500001000500000005001700005008003900022020001500061040000900076041000800085082001000093100003000103245004000133250001800173260003300191300001000224653002200234653002100256983820260515114529.0160909n ii |||gr||||Z||||||asm a8173391777 cMAIN aasm a320.5 aGogoi, Purandar,eAuthor. aRajnaitik tattwacBy Purandar Gogoi a19th rev. ed. aDibrugarh:bBanalata,c2016. a434p. aPolitical science aPolitical theory